Îles de plus de 1000 km² de superficie - Statistiques

Statistiques générales
  • Ce quiz a été pris 129 fois
  • Le résultat moyen est 40 sur 315
Statistiques - réponses
Rang Pays Superficie (km²) Île % Correct
1 Australie 7 595 342 Australie
94%
5 Madagascar 587 041 Madagascar
94%
2 Danemark 2 130 800 Groenland
90%
84 France 8 741 Corse
89%
21 Irlande, Royaume-Uni 84 421 Irlande
88%
18 Cuba 105 806 Cuba
87%
10 Royaume-Uni 209 331 Grande-Bretagne
86%
19 Islande 101 826 Islande
85%
48 Italie 23 949 Sardaigne
83%
46 Italie 25 832 Sicile
82%
26 Sri Lanka 65 268 Sri Lanka
82%
4 Indonésie, Malaisie, Brunei 748 168 Bornéo
81%
14 Indonésie 138 794 Java
77%
23 République Dominicaine, Haïti 73 929 Hispaniola
76%
27 Australie 65 022 Tasmanie
76%
7 Indonésie 443 066 Sumatra
75%
81 Chypre, Royaume-Uni 9 234 Chypre
72%
297 France 1 128 Martinique
72%
179 France 2 512 La Réunion
70%
39 Taïwan 35 883 Taïwan
70%
71 Jamaïque 11 190 Jamaïque
68%
3 Indonésie, Papouasie-Nouvelle-Guinée 785 753 Nouvelle-Guinée
64%
88 Grèce 8 350 Crète
63%
22 Japon 78 719 Hokkaidō
63%
8 Japon 225 800 Honshū
63%
15 Nouvelle-Zélande 111 583 Île du Nord
58%
13 Nouvelle-Zélande 145 836 Île du Sud
56%
215 Maurice 1 874 Île Maurice
52%
54 France 16 648 Nouvelle-Calédonie
52%
118 Trinité-et-Tobago 5 009 Trinité
51%
45 Indonésie, Timor Oriental 28 418 Timor
49%
76 États-Unis 10 434 Hawaï
48%
17 Canada 108 860 Terre-Neuve
47%
147 Espagne 3 667 Majorque
45%
24 Russie 72 493 Sakhaline
42%
109 Indonésie 5 416 Bali
41%
30 Argentine, Chili 47 992 Grande Île de la Terre de Feu
41%
82 États-Unis 9 100 Porto Rico
41%
6 Canada 507 451 Île de Baffin
37%
16 Philippines 109 965 Luçon
36%
260 Grèce 1 410 Rhodes
36%
12 Indonésie 180 681 Célèbes
35%
9 Canada 217 291 Île Victoria
34%
38 Japon 37 437 Kyūshū
34%
51 Japon 18 545 Shikoku
34%
311 France 1 044 Tahiti
34%
100 France 6 617 Grande Terre (Îles Kerguelen)
33%
44 Canada 31 285 Île de Vancouver
30%
43 Chine 33 210 Hainan
28%
205 Espagne 2 034 Tenerife
28%
105 Canada 5 620 Île du Prince-Édouard
25%
20 Philippines 97 530 Mindanao
25%
235 Grèce 1 633 Lesbos
24%
284 Japon 1 201 Okinawa
22%
162 Suède 2 994 Gotland
21%
150 Yémén 3 607 Socotra
21%
242 Espagne 1 560 Grande Canarie
20%
11 Canada 196 236 Île d'Ellesmere
19%
37 Norvège 38 981 Spitzberg
19%
314 Comores 1 013 Grande Comore
16%
97 Danemark 7 031 Seeland
16%
145 Grèce 3 707 Eubée
15%
152 États-Unis 3 567 Long Island
15%
40 Papouasie-Nouvelle-Guinée 35 145 Nouvelle-Bretagne
15%
25 Canada 70 028 Île Banks
13%
216 Corée du Sud 1 833 Jeju
13%
65 Philippines 12 189 Palawan
13%
60 Indonésie 14 154 Florès
12%
243 États-Unis 1 545 Oahu
12%
231 Espagne 1 660 Fuerteventura
11%
79 Papouasie-Nouvelle-Guinée 9 318 Île Bougainville
11%
127 Philippines 4 468 Cebu
10%
86 Chili 8 478 Île de Chiloé
10%
296 Canada 1 137 Île de Galles
10%
59 Russie 14 204 Île de la Révolution d'Octobre
10%
36 Brésil 40 100 Île de Marajó
10%
28 Canada 55 247 Île Devon
10%
99 États-Unis 6 675 Île du Prince-de-Galles (Alaska)
10%
41 Canada 33 339 Île du Prince-de-Galles (Canada)
10%
80 États-Unis 9 310 Île Kodiak
10%
34 Canada 42 149 Île Melville
10%
104 Australie 5 786 Île Melville
10%
214 États-Unis 1 884 Maui
10%
83 Russie 8 812 Île Komsomolets
9%
114 États-Unis 5 135 Île Saint-Laurent
9%
124 Indonésie 4 625 Lombok
9%
267 Suède 1 342 Öland
9%
310 Russie 1 049 Île Hall
8%
73 Indonésie 10 711 Sumba
8%
168 Russie 2 821 Terre George
8%
272 Norvège 1 288 Barentsøya
7%
70 Russie 11 206 Île Bolchevique
7%
232 Royaume-Uni 1 656 Île de Skye
7%
61 Canada 13 111 Île du Roi-Guillaume
7%
47 Canada 24 786 Île Somerset
7%
75 Fidji 10 531 Viti Levu
7%
154 Bahamas 3 439 Andros (nord)
6%
255 Bahamas 1 448 Andros (Sud)
6%
87 Indonésie 8 473 Buru
6%
144 Royaume-Uni 3 718 Géorgie du Sud
6%
111 Îles Salomon 5 353 Guadalcanal
6%
290 Russie 1 170 Île Béring
6%
50 Brésil 19 162 Île de Bananal
6%
56 Canada 15 848 Île du Prince-Patrick
6%
122 Équateur 4 711 Île Isabela
6%
31 Russie 47 079 Île Severny
6%
35 Canada 41 214 Île Southampton
6%
66 Philippines 12 011 Panay
6%
58 Indonésie 14 386 Sumbawa
6%
208 Guinée Équatoriale 1 960 Bioko
5%
163 Danemark 2 985 Fyn
5%
125 Royaume-Uni 4 531 Grande Malouine
5%
128 - 4 463 Île Adélaïde
5%
29 - 49 070 Île Alexander
5%
42 Russie 33 246 Île Ioujny
5%
49 Russie 23 200 Île Kotelny
5%
107 Chili 5 556 Île Wellington
5%
91 Russie 7 866 Île Wrangel
5%
93 Papouasie-Nouvelle-Guinée 7 405 Nouvelle-Irlande
5%
106 Fidji 5 587 Vanua Levu
5%
143 Philippines 3 821 Bohol
4%
55 Canada 16 042 Île Bathurst
4%
230 Australie 1 692 Île Bathurst
4%
89 Canada 7 941 Île d'Anticosti
4%
189 Cuba 2 237 Île de la Jeunesse
4%
181 - 2 460 Île de Ross
4%
77 Canada 10 311 Île du Cap-Breton
4%
261 Canada 1 378 Île Graham
4%
102 Canada 6 361 Île Graham (Colombie Britannique)
4%
303 Australie 1 098 Île King
4%
120 Russie 4 968 Île Kolgouïev
4%
176 Canada 2 608 Île Moresby
4%
78 Canada 9 521 Île Prince Charles
4%
64 - 12 680 Île Thurston
4%
254 États-Unis 1 456 Kauai
4%
279 Danemark 1 243 Lolland
4%
96 Royaume-Uni 7 040 Malouine orientale
4%
74 Philippines 10 572 Mindoro
4%
62 Philippines 13 075 Negros
4%
138 Indonésie 4 048 Nias
4%
57 Norvège 14 467 Nordaustlandet
4%
68 Indonésie 11 413 Bangka
3%
53 Indonésie 17 454 Céram
3%
116 Norvège 5 073 Edgeøya
3%
139 Vanuatu 3 956 Espiritu Santo
3%
244 Bahamas 1 544 Great Inagua
3%
52 Indonésie 18 040 Halmahera
3%
112 Canada 5 255 Île Amund Ringnes
3%
32 - 43 873 Île Berkner
3%
108 Canada 5 498 Île Coats
3%
183 Canada 2 358 Île Cornwall
3%
98 Canada 6 995 Île Cornwallis
3%
103 Russie 6 201 Île de Nouvelle-Sibérie
3%
69 Canada 11 295 Île Ellef Ringnes
3%
240 Canada 1 585 Île Flaherty
3%
252 - 1 470 Île Joinville
3%
132 Australie 4 374 Île Kangourou
3%
158 Canada 3 180 Île Mansel
3%
196 Colombie 2 100 Île Margarita
3%
263 Canada 1 372 Île Nottingham
3%
146 Chili 3 688 Île Santa Inés
3%
129 Canada 4 463 Île Stefansson
3%
94 Philippines 7 368 Leyte
3%
295 France 1 146 Lifou
3%
283 Indonésie 1 227 Rote
3%
174 Estonie 2 673 Saaremaa
3%
63 Philippines 12 849 Samar
3%
148 Îles Salomon 3 665 Santa Isabel
3%
149 Brésil 3 660 Tupinambarana (nord)
3%
92 Brésil 7 700 Tupinambarana (ouest)
3%
160 Papouasie-Nouvelle-Guinée 3 155 Waigeo
3%
175 Indonésie 2 652 Wetar
3%
217 États-Unis 1 812 Afognak
2%
195 Indonésie 2 120 Alor
2%
309 États-Unis 1 049 Atka
2%
126 Indonésie 4 478 Belitung
2%
131 Indonésie 4 408 Buton
2%
250 Philippines 1 492 Catanduanes
2%
165 Îles Salomon 2 971 Choiseul
2%
274 Chine 1 267 Chongming
2%
113 Russie 5 157 Grande Liakhov
2%
227 Indonésie 1 720 Grande Natuna
2%
294 Bahamas 1 146 Great Abaco
2%
185 Australie 2 326 Groote Eylandt
2%
190 Norvège 2 205 Hinnøya
2%
226 Canada 1 720 Île Air Force
2%
161 Canada 3 001 Île Akimiski
2%
197 - 2 090 Île Anvers
2%
137 États-Unis 4 065 Île Baranof
2%
170 Canada 2 794 Île Borden
2%
293 Canada 1 150 Île Byam Martin
2%
72 Canada 11 067 Île Bylot
2%
307 Canada 1 059 Île Cameron
2%
95 - 7 320 Île Carney
2%
85 Danemark 8 612 Île de Disko
2%
265 Chili 1 352 Île Desolación
2%
292 - 1 150 Île du Roi-George
2%
268 Australie 1 333 Île Flinders
2%
233 Australie 1 655 Île Fraser
2%
177 - 2 598 Île James Ross
2%
270 Canada 1 308 Île Lougheed
2%
117 Canada 5 048 Île Mackenzie King
2%
312 Chili 1 043 Île Madre de Dios
2%
206 Chili 2 025 Île Magdalena
2%
134 États-Unis 4 227 Île Nunivak
2%
248 Russie 1 527 Île Pioneer
2%
262 Canada 1 375 Île Pitt
2%
287 Mexique 1 190 Île Tiburón
2%
153 Danemark 3 542 Île Traill
2%
135 États-Unis 4 119 Île Unimak
2%
192 Royaume-Uni 2 179 Lewis et Harris
2%
130 Indonésie 4 429 Madura
2%
157 Îles Salomon 3 190 Makira
2%
209 Papouasie-Nouvelle-Guinée 1 940 Manus
2%
156 Philippines 3 220 Masbate
2%
203 Îles Salomon 2 037 Nouvelle-Géorgie
2%
282 Papouasie-Nouvelle-Guinée 1 227 Nouvelle-Hanovre
2%
178 Indonésie 2 542 Obi
2%
259 Russie 1 428 Ouroup
2%
200 Russie 2 053 Paramouchir
2%
256 Iran 1 445 Qechm
2%
313 Canada 1 015 Resolution Island
2%
229 Samoa 1 708 Savai'i
2%
239 Norvège 1 586 Senja
2%
142 Indonésie 3 829 Siberut
2%
199 Russie 2 055 Terre de Wilczek
2%
241 Tanzanie 1 575 Unguja
2%
299 Samoa 1 125 Upolu
2%
123 Danemark 4 685 Vendsyssel-Thy
2%
164 Indonésie 2 981 Yamdena
2%
246 Inde 1 536 Andaman du Centre
1%
269 Inde 1 317 Andaman du Nord
1%
275 Inde 1 262 Andaman du Sud
1%
280 Philippines 1 234 Basilan
1%
218 Russie 1 810 Bely
1%
222 Russie 1 764 Grande Beguitchev
1%
33 Canada 43 178 Île Axel Heilberg
1%
119 Brésil 5 000 Île Caviana
1%
110 États-Unis 5 388 Île Chichagof
1%
301 Chili 1 111 Île Clarence
1%
133 États-Unis 4 362 Île de l'Amirauté
1%
245 Canada 1 541 Île Eglington
1%
121 Brésil 4 864 Île Grande de Gurupa
1%
136 Chili 4 117 Île Hoste
1%
171 Canada 2 766 Île Manitoulin
1%
188 Canada 2 251 Île Princess Royal
1%
115 Chili 5 110 Île Riesco
1%
90 - 7 910 Île Roosevelt
1%
304 Canada 1 090 Île Rowley
1%
101 - 6 390 Île Siple
1%
224 Nouvelle-Zélande 1 746 Île Stewart (Rakiura)
1%
155 Russie 3 383 Île Vaïgatch
1%
159 Russie 3 175 Itouroup
1%
251 Russie 1 490 Kounachir
1%
141 Îles Salomon 3 836 Malaita
1%
204 Indonésie 2 034 Misool
1%
302 Indonésie 1 109 Padang
1%
223 Indonésie 1 754 Simeulue
1%
308 Russie 1 050 Terre Alexandra
1%
140 Danemark 3 913 Terre de Milne
1%
186 Indonésie 2 278 Yapen
1%
67 Indonésie 11 742 Yos Sudarso
1%
213 Indonésie 1 900 Bacan
0%
257 Bangladesh 1 441 Bhola
0%
212 Indonésie 1 904 Biak
0%
289 Indonésie 1 173 Bintan
0%
258 Papouasie-Nouvelle-Guinée 1 437 Fergusson
0%
221 Russie 1 766 Grande Chantar
0%
207 Russie 2 020 Île Aïon
0%
291 Chili 1 164 Île Aracena
0%
288 Chili 1 188 Île Campana
0%
219 - 1 780 Île Charcot
0%
247 Danemark 1 535 Île Clavering
0%
271 Chili 1 290 Île Dawson
0%
228 Danemark 1 717 Île de la Société de Géographie
0%
237 Russie 1 620 Île Graham Bell
0%
211 Russie 1 936 Île Karaguinsky
0%
210 États-Unis 1 936 Île Kuiu
0%
169 États-Unis 2 803 Île Kupreanof
0%
277 - 1 258 Île Mill
0%
315 Australie 1 002 Île Mornington
0%
180 Chili 2 473 Île Navarino
0%
191 États-Unis 2 183 Île Nelson
0%
285 Russie 1 197 Île Oleni
0%
202 Canada 2 040 Île René-Levasseur
0%
172 États-Unis 2 755 Île Revillagigedo
0%
193 Canada 2 165 Île Richards
0%
306 Chili 1 063 Île Serrano
0%
276 Danemark 1 259 Île Shannon
0%
300 - 1 121 Île Sherman
0%
151 - 3 600 Île Spaatz
0%
298 Canada 1 126 Île Vanier
0%
182 Danemark 2 437 Île Ymer
0%
225 Indonésie 1 723 Kobroor
0%
198 Indonésie 2 062 Laut
0%
273 Indonésie 1 270 Lembata
0%
201 Vanuatu 2 041 Malakula
0%
281 Indonésie 1 229 Mangole
0%
278 Sénégal 1 250 Morfil
0%
187 Indonésie 2 266 Morotai
0%
167 Indonésie 2 889 Muna
0%
253 Danemark 1 466 Nares Land
0%
184 Indonésie 2 346 Peleng
0%
266 Myanmar 1 350 Ramree
0%
286 Indonésie 1 190 Rupat
0%
305 Finlande 1 069 Sääminginsalo
0%
236 Indonésie 1 623 Salawati
0%
234 Finlande 1 635 Soisalo
0%
166 Indonésie 2 913 Taliabu
0%
238 Indonésie 1 604 Tanahbesar
0%
264 Indonésie 1 370 Tebing Tinggi
0%
194 Indonésie 2 139 Trangan
0%
220 États-Unis 1 777 Umnak
0%
173 États-Unis 2 721 Unalaska
0%
249 Slovaquie 1 520 Žitný ostrov
0%
Aucun quiz correspondant
Distribution des résultats
% des personnes avec chaque résultat
Percentile par nombre de réponses
Votre historique - résultats
Vous n’avez pas pris ce quiz